Countries where atheists can be executed - Statistics

General Stats
  • This quiz has been taken 173 times
  • The average score is 10 of 14
Answer Stats
Countries % Correct
Saudi Arabia
96%
Iran
94%
Yemen
89%
Afghanistan
86%
Pakistan
83%
United Arab Emirates
83%
Qatar
82%
Sudan
76%
Libya
71%
Somalia
68%
Mauritania
61%
Nigeria
58%
Malaysia
42%
Maldives
36%
No matching quizzes found
Score Distribution
Percent of People with Each Score
Percentile by Number Answered
Your Score History
You have not taken this quiz